| 000 | 01606nam0a2200325 4500 | ||
|---|---|---|---|
| 001 | RU\NLR\bibl\1825154 | ||
| 005 | 20250616162406.0 | ||
| 021 |
_aRU _b2011-67962 _94798 |
||
| 029 | 1 | 0 |
_aRU _b2-2.3-500-2010 _cР Газпром |
| 035 | _a(NLR Aleph) 001815685 | ||
| 090 |
_a1934499 _c1934499 |
||
| 100 | _a20111026d2011 |||y0rusy50 ca | ||
| 101 | 0 | _arus | |
| 102 | _aRU | ||
| 105 | _ay l ||||| | ||
| 200 | 1 |
_aРекомендации по реконструкции (восстановлению) линейной части распределительных газопроводов в стесненных городских условиях с применением полимерных материалов и бестраншейных технологий производства работ _fОткрытое АО «Газпром промгаз» |
|
| 210 |
_aМосква _cГАЗПРОМ и др. _d2011 |
||
| 215 | _aIV,27 с. | ||
| 225 | 1 | _aДокументы нормативные для проектирования, строительства и эксплуатации объектов ОАО "ГАЗПРОМ" | |
| 239 | _aВвед. 21.07.2011. Срок действия - 5 лет | ||
| 320 | _aБиблиогр.: с.24-26 (27 назв.). | ||
| 610 | 0 | _aОборудование для переработки нефтяных продуктов и природного газа | |
| 686 |
_a75.200 _v2003 _2oks |
||
| 801 | 0 |
_aRU _bNLR _c20111026 _gRCR |
|
| 801 | 1 |
_aRU _bNLR _c20111026 |
|
| 942 | _cBOOK | ||
| 980 | _aNB | ||
| 980 | _aNBR | ||